Jacques Guyard, Évry ville nouvelle. 1960-2003. La troisième banlieue, Espaces Sud, 2003, 351 p. (notice n° 1584989)
[ vue normale ]
| 000 -LEADER | |
|---|---|
| fixed length control field | 00535cam a2200145 4500500 |
| 005 - DATE AND TIME OF LATEST TRANSACTION | |
| control field | 20251228053013.0 |
| 041 ## - LANGUAGE CODE | |
| Language code of text/sound track or separate title | fre |
| 042 ## - AUTHENTICATION CODE | |
| Authentication code | dc |
| 100 10 - MAIN ENTRY--PERSONAL NAME | |
| Personal name | Cohen Boulakia, Elio |
| Relator term | author |
| 245 00 - TITLE STATEMENT | |
| Title | Jacques Guyard, Évry ville nouvelle. 1960-2003. La troisième banlieue, Espaces Sud, 2003, 351 p. |
| 260 ## - PUBLICATION, DISTRIBUTION, ETC. | |
| Date of publication, distribution, etc. | 2005.<br/> |
| 500 ## - GENERAL NOTE | |
| General note | 2 |
| 786 0# - DATA SOURCE ENTRY | |
| Note | Espaces et sociétés | 119 | 4 | 2005-03-01 | p. 225e-242e | 0014-0481 |
| 856 41 - ELECTRONIC LOCATION AND ACCESS | |
| Uniform Resource Identifier | <a href="https://shs.cairn.info/revue-espaces-et-societes-2004-4-page-225e?lang=fr&redirect-ssocas=7080">https://shs.cairn.info/revue-espaces-et-societes-2004-4-page-225e?lang=fr&redirect-ssocas=7080</a> |
Pas d'exemplaire disponible.




Réseaux sociaux